Southville International School and Colleges
Your cart is empty.
  • Cart
  • Lists
    Public lists Eva Luna New books Lux_list list_1
    Your lists Log in to create your own lists
  • Log in to your account
  • Your cookies
  • Search history
Southville International School and Colleges
  • Advanced search
  • Recent comments
  • Most popular
  • Libraries

Log in to your account

Log in with GOOGLE


If you do not have an external account, but do have a local account, you can still log in:

  1. Home
  2. MARC view: Content strategy at work :
Normal view MARC view ISBD view

Content strategy at work : (Record no. 25495)

[ view plain ]
MARC details
000 -LEADER
fixed length control field 00719nam a2200229 a 4500
005 - DATE AND TIME OF LATEST TRANSACTION
control field 20140310183625.0
008 - FIXED-LENGTH DATA ELEMENTS--GENERAL INFORMATION
fixed length control field 120906s19uu xx 00 eng d
020 ## - INTERNATIONAL STANDARD BOOK NUMBER
International Standard Book Number 9780123919229
050 ## - LIBRARY OF CONGRESS CALL NUMBER
Classification number HF 5415.1265
Item number .B575 2012
100 ## - MAIN ENTRY--PERSONAL NAME
Personal name Bloomstein, Margot
245 ## - TITLE STATEMENT
Title Content strategy at work :
Remainder of title real world stories to strengthen every interactive project. /
260 ## - PUBLICATION, DISTRIBUTION, ETC. (IMPRINT)
Place of publication, distribution, etc Amsterdam :
Name of publisher, distributor, etc Elsevier,
Date of publication, distribution, etc 2012.
300 ## - PHYSICAL DESCRIPTION
Extent xiv, 163 p. :
Other physical details ill. ;
Dimensions 26 cm.
500 ## - GENERAL NOTE
General note Includes index.
650 ## - SUBJECT ADDED ENTRY--TOPICAL TERM
Topical term or geographic name as entry element Internet marketing
650 ## - SUBJECT ADDED ENTRY--TOPICAL TERM
Topical term or geographic name as entry element Branding (Marketing)
650 ## - SUBJECT ADDED ENTRY--TOPICAL TERM
Topical term or geographic name as entry element Information technology
General subdivision Management
650 ## - SUBJECT ADDED ENTRY--TOPICAL TERM
Topical term or geographic name as entry element Web site development
650 ## - SUBJECT ADDED ENTRY--TOPICAL TERM
Topical term or geographic name as entry element Web sites
General subdivision Design
942 ## - ADDED ENTRY ELEMENTS (KOHA)
Koha item type Books
Source of classification or shelving scheme Library of Congress Classification
Call number prefix Foreign
Holdings
Withdrawn status Lost status Source of classification or shelving scheme Damaged status Home library Current library Shelving location Date acquired Total Checkouts Full call number Barcode Date last seen Copy number Price effective from Koha item type
    Library of Congress Classification   College Library College Library Reserve Section 01/09/2014   HF 5415.1265 .B575 2012 C15589 05/15/2018 1 01/09/2014 Books

Content strategy at work :

APA

Bloomstein M., . (2012). Content strategy at work. Amsterdam: Elsevier.

Chicago

Bloomstein Margot, . 2012. Content strategy at work. Amsterdam: Elsevier.

Harvard

Bloomstein M., . (2012). Content strategy at work. Amsterdam: Elsevier.

MLA

Bloomstein Margot, . Content strategy at work. Amsterdam: Elsevier. 2012.

  • Place hold
  • Print
  • Cite
  • Add to your cart (remove)
  • Save record
    BIBTEX Dublin Core MARCXML MARC (non-Unicode/MARC-8) MARC (Unicode/UTF-8) MARC (Unicode/UTF-8, Standard) MODS (XML) RIS
  • More searches
    Search for this title in:
    Other Libraries (WorldCat) Other Databases (Google Scholar) Online Stores (Bookfinder.com) Open Library (openlibrary.org)

Exporting to Dublin Core...

SOUTHVILLE LIBRARY

Southville International School and Colleges Library

1281 Tropical Ave. Cor. Luxembourg St., BF Homes International, Las Pinas City

Tel. No. 8256374 / 252358 Loc. 117/146

Powered by Koha